Education for inclusion and diversity / (Record no. 3181)
| 000 -LEADER | |
|---|---|
| fixed length control field | 01225pam a22003497a 4500 |
| 001 - CONTROL NUMBER | |
| control field | 15443865 |
| 003 - CONTROL NUMBER IDENTIFIER | |
| control field | OSt |
| 005 - DATE AND TIME OF LATEST TRANSACTION | |
| control field | 20160906161955.0 |
| 008 - FIXED-LENGTH DATA ELEMENTS--GENERAL INFORMATION | |
| fixed length control field | 080909s2008 at a g b 001 0 eng |
| 010 ## - LIBRARY OF CONGRESS CONTROL NUMBER | |
| LC control number | 2008425299 |
| 020 ## - INTERNATIONAL STANDARD BOOK NUMBER | |
| International Standard Book Number | 9781442502048 (pbk.) |
| 037 ## - SOURCE OF ACQUISITION | |
| Source of stock number/acquisition | Pearson Education Australia, Unit 4, Level 3, 14 Aquatic Drive, Frenchs Forest NSW 2086 |
| 040 ## - CATALOGING SOURCE | |
| Original cataloging agency | ANL |
| Language of cataloging | eng |
| Transcribing agency | DLC |
| Modifying agency | ANL |
| -- | DLC |
| 042 ## - AUTHENTICATION CODE | |
| Authentication code | lccopycat |
| 050 00 - LIBRARY OF CONGRESS CALL NUMBER | |
| Classification number | LC1200.E39 2009 |
| 082 04 - DEWEY DECIMAL CLASSIFICATION NUMBER | |
| Classification number | 371.9 |
| Edition number | 22 |
| 245 10 - TITLE STATEMENT | |
| Title | Education for inclusion and diversity / |
| Statement of responsibility, etc | edited by Adrian Ashman and John Elkins. |
| 250 ## - EDITION STATEMENT | |
| Edition statement | 3rd ed. |
| 260 ## - PUBLICATION, DISTRIBUTION, ETC. (IMPRINT) | |
| Place of publication, distribution, etc | Frenchs Forest, N.S.W. : |
| Name of publisher, distributor, etc | Pearson Education Australia, |
| Date of publication, distribution, etc | c2009. |
| 300 ## - PHYSICAL DESCRIPTION | |
| Extent | xv, 446 p. : |
| Other physical details | ill. ; |
| Dimensions | 26 cm. + |
| Accompanying material | 1 CD (4 3/4 in.) |
| 500 ## - GENERAL NOTE | |
| General note | Previous ed.: 2005. |
| 500 ## - GENERAL NOTE | |
| General note | Includes bibliographical references and index. |
| 538 ## - SYSTEM DETAILS NOTE | |
| System details note | Item doesn't list system requirements. |
| 650 #0 - SUBJECT ADDED ENTRY--TOPICAL TERM | |
| Topical term or geographic name as entry element | Inclusive education. |
| 650 #0 - SUBJECT ADDED ENTRY--TOPICAL TERM | |
| Topical term or geographic name as entry element | Special education. |
| 650 #0 - SUBJECT ADDED ENTRY--TOPICAL TERM | |
| Topical term or geographic name as entry element | Children with disabilities |
| General subdivision | Education. |
| 700 1# - ADDED ENTRY--PERSONAL NAME | |
| Personal name | Elkins, John. |
| 700 1# - ADDED ENTRY--PERSONAL NAME | |
| Personal name | Ashman, Adrian |
| 906 ## - LOCAL DATA ELEMENT F, LDF (RLIN) | |
| a | 7 |
| b | cbc |
| c | copycat |
| d | 2 |
| e | ncip |
| f | 20 |
| g | y-gencatlg |
| 942 ## - ADDED ENTRY ELEMENTS (KOHA) | |
| Source of classification or shelving scheme | |
| Koha item type | Book |
| Withdrawn status | Lost status | Source of classification or shelving scheme | Damaged status | Not for loan | Home library | Current library | Shelving location | Date acquired | Total Checkouts | Full call number | Barcode | Date last seen | Copy number | Price effective from | Koha item type |
|---|---|---|---|---|---|---|---|---|---|---|---|---|---|---|---|
| Riara University Library | Riara University Library | General stack | 06/09/2016 | LC1200.E39 2009 | 7754/16 | 06/09/2016 | C.1 | 06/09/2016 | Book |
